[Event "390 Stay Safe Play From Home series"]
[Site "Emanuel Lasker Arena"]
[Date "2020.08.17"]
[Round "2"]
[White "W Nelles"]
[Black "Lazieri3"]
[Result "0-1"]
[WhiteElo "1383"]
[BlackElo "1890"]
[Annotator "NA"]
[PlyCount "78"]
[EventDate "2020.08.17"]
[EventType "swiss (blitz)"]

1. e4 {[%emt 0:00:03]} c6 {[%emt 0:00:00]} 2. d4 {[%emt 0:00:03]} d5 {[%emt 0:00:00]} 3. e5 {[%emt 0:00:02]} Bf5 {[%emt 0:00:02]} 4. Bd3 {[%emt 0:00:02]} Bxd3 {[%emt 0:00:02]} 5. cxd3 {[%emt 0:00:01]} e6 {[%emt 0:00:00]} 6. Qd2 {[%emt 0:00:01]} c5 {[%emt 0:00:00]} 7. dxc5 {[%emt 0:00:02]} Bxc5 {[%emt 0:00:00]} 8. d4 {[%emt 0:00:01]} Be7 {[%emt 0:00:02]} 9. Nf3 {[%emt 0:00:02]} Nc6 {[%emt 0:00:00]} 10. O-O {[%emt 0:00:03]} Nh6 {[%emt 0:00:03]} 11. a3 {[%emt 0:00:15]} Nf5 {[%emt 0:00:02]} 12. Re1 {[%emt 0:00:05]} Nh4 {[%emt 0:00:03]} 13. Nxh4 {[%emt 0:00:02]} Bxh4 {[%emt 0:00:00]} 14. g3 {[%emt 0:00:03]} Bg5 {[%emt 0:00:02]} 15. Qxg5 {[%emt 0:00:02]} Qb6 {[%emt 0:00:05]} 16. Be3 {[%emt 0:00:14]} O-O {[%emt 0:00:15]} 17. Qg4 {[%emt 0:00:10]} Kh8 {[%emt 0:00:21]} 18. Nd2 {[%emt 0:00:09]} Qxb2 {[%emt 0:00:08]} 19. Nf3 {[%emt 0:00:03]} Qb6 {[%emt 0:00:10]} 20. Rab1 {[%emt 0:00:05]} Qc7 {[%emt 0:00:01]} 21. Ng5 {[%emt 0:00:11]} h6 {[%emt 0:00:03]} 22. Nf3 {[%emt 0:00:08]} Qe7 {[%emt 0:00:08]} 23. h4 {[%emt 0:00:08]} f5 {[%emt 0:00:07]} 24. exf6 {[%emt 0:00:08]} Rxf6 {[%emt 0:00:03]} 25. Ne5 {[%emt 0:00:11]} Nxe5 {[%emt 0:00:10]} 26. dxe5 {[%emt 0:00:02]} Rf7 {[%emt 0:00:01]} 27. f4 {[%emt 0:00:11]} b6 {[%emt 0:00:12]} 28. Qe2 {[%emt 0:00:10]} Qxa3 {[%emt 0:00:04]} 29. g4 {[%emt 0:00:07]} Raf8 {[%emt 0:00:05]} 30. g5 {[%emt 0:00:03]} Qe7 {[%emt 0:00:10]} 31. Qg2 {[%emt 0:00:03]} d4 {[%emt 0:00:04]} 32. Bd2 {[%emt 0:00:02]} Rf5 {[%emt 0:00:04]} 33. Rf1 {[%emt 0:00:03]} Kh7 {[%emt 0:00:09]} 34. Qh3 {[%emt 0:00:01]} h5 {[%emt 0:00:03]} 35. g6+ {[%emt 0:00:03]} Kxg6 {[%emt 0:00:04]} 36. Qg3+ {[%emt 0:00:01]} Kh7 {[%emt 0:00:01]} 37. Qh3 {[%emt 0:00:01]} g6 {[%emt 0:00:01]} 38. Kh1 {[%emt 0:00:01]} Rc8 {[%emt 0:00:03]} 39. Rb3 {[%emt 0:00:01]} Rc2 {[%emt 0:00:04] Zeit Zeit Zeit (Lag: Av=0.66s, max=1.6s) (Lag: Av=0.66s, max=1.6s) (Lag: Av=0.66s, max=1.6s)} 0-1

[Event "390 Stay Safe Play From Home series"]
[Site "Emanuel Lasker Arena"]
[Date "2020.08.17"]
[Round "3"]
[White "MihailoVujic"]
[Black "Mepe_Nika"]
[Result "1-0"]
[WhiteElo "2130"]
[BlackElo "2321"]
[PlyCount "43"]
[EventDate "2020.08.17"]
[EventType "swiss (blitz)"]

1. e4 {[%emt 0:00:01]} c6 {[%emt 0:00:00]} 2. d4 {[%emt 0:00:01]} d5 {[%emt 0:00:01]} 3. f3 {[%emt 0:00:00]} dxe4 {[%emt 0:00:01]} 4. fxe4 {[%emt 0:00:01]} e5 {[%emt 0:00:00]} 5. Nf3 {[%emt 0:00:00]} Bg4 {[%emt 0:00:00]} 6. Bc4 {[%emt 0:00:01]} Nd7 {[%emt 0:00:00]} 7. c3 {[%emt 0:00:01]} Bd6 {[%emt 0:00:01]} 8. Qb3 {[%emt 0:00:01]} Qe7 {[%emt 0:00:00]} 9. Qxb7 {[%emt 0:00:02]} Rb8 {[%emt 0:00:00]} 10. Qxc6 {[%emt 0:00:01]} Ngf6 {[%emt 0:00:01]} 11. dxe5 {[%emt 0:00:14]} Bxe5 {[%emt 0:00:01]} 12. Nxe5 {[%emt 0:00:04]} Qxe5 {[%emt 0:00:00]} 13. O-O {[%emt 0:00:02]} O-O {[%emt 0:00:01]} 14. Bf4 {[%emt 0:00:02]} Qxe4 {[%emt 0:00:07]} 15. Qxe4 {[%emt 0:00:03]} Nxe4 {[%emt 0:00:00]} 16. Bxb8 {[%emt 0:00:01]} Rxb8 {[%emt 0:00:00]} 17. Rxf7 {[%emt 0:00:04]} Kh8 {[%emt 0:00:15]} 18. h3 {[%emt 0:00:14]} Ne5 {[%emt 0:00:13]} 19. Re7 {[%emt 0:00:12]} Nd6 {[%emt 0:01:54]} 20. Rxe5 {[%emt 0:00:09]} Nxc4 {[%emt 0:00:01]} 21. Re4 {[%emt 0:00:02]} Nxb2 {[%emt 0:00:13]} 22. hxg4 {[%emt 0:00:05] Time Time Time (Lag: Av=0.72s, max=1.7s) (Lag: Av=0.72s, max=1.7s) (Lag: Av=0.72s, max=1.7s)} 1-0

[Event "390 Stay Safe Play From Home series"]
[Site "Emanuel Lasker Arena"]
[Date "2020.08.17"]
[Round "3"]
[White "Haris kollari 13"]
[Black "Greblha"]
[Result "1-0"]
[WhiteElo "1870"]
[BlackElo "1935"]
[Annotator "NA"]
[PlyCount "137"]
[EventDate "2020.08.17"]
[EventType "swiss (blitz)"]

1. e4 {[%emt 0:00:02]} c6 {[%emt 0:00:00]} 2. d4 {[%emt 0:00:01]} d5 {[%emt 0:00:00]} 3. exd5 {[%emt 0:00:01]} cxd5 {[%emt 0:00:01]} 4. Bf4 {[%emt 0:00:01]} Nc6 {[%emt 0:00:01]} 5. Nf3 {[%emt 0:00:02]} g6 {[%emt 0:00:01]} 6. c3 {[%emt 0:00:01]} Bg7 {[%emt 0:00:01]} 7. Bb5 {[%emt 0:00:01]} Nh6 {[%emt 0:00:06]} 8. Na3 {[%emt 0:00:05]} O-O {[%emt 0:00:02]} 9. Qd2 {[%emt 0:00:03]} Nf5 {[%emt 0:00:02]} 10. g4 {[%emt 0:00:06]} Nd6 {[%emt 0:00:01]} 11. h3 {[%emt 0:00:03]} Ne4 {[%emt 0:00:03]} 12. Qe3 {[%emt 0:00:06]} Re8 {[%emt 0:00:08]} 13. O-O-O {[%emt 0:00:05]} a6 {[%emt 0:00:02]} 14. Bd3 {[%emt 0:00:01]} e5 {[%emt 0:00:07]} 15. dxe5 {[%emt 0:00:06]} Bxe5 {[%emt 0:00:08]} 16. Nxe5 {[%emt 0:00:02]} Nxe5 {[%emt 0:00:02]} 17. Bxe5 {[%emt 0:00:01]} Rxe5 {[%emt 0:00:02]} 18. f3 {[%emt 0:00:04]} Qa5 {[%emt 0:00:17]} 19. fxe4 {[%emt 0:00:03]} dxe4 {[%emt 0:00:03]} 20. Bc2 {[%emt 0:00:01]} f5 {[%emt 0:00:05]} 21. Bb3+ {[%emt 0:00:03]} Kf8 {[%emt 0:00:04]} 22. Nc4 {[%emt 0:00:01]} Qc5 {[%emt 0:00:04]} 23. Qh6+ {[%emt 0:00:01]} Ke8 {[%emt 0:00:06]} 24. Nxe5 {[%emt 0:00:02]} Qxe5 {[%emt 0:00:01]} 25. Qxh7 {[%emt 0:00:03]} Be6 {[%emt 0:00:03]} 26. Qxg6+ {[%emt 0:00:02]} Ke7 {[%emt 0:00:01]} 27. Qxe6+ {[%emt 0:00:08]} Qxe6 {[%emt 0:00:03]} 28. Bxe6 {[%emt 0:00:01]} Kxe6 {[%emt 0:00:00]} 29. gxf5+ {[%emt 0:00:00]} Kxf5 {[%emt 0:00:01]} 30. Rd5+ {[%emt 0:00:01]} Kf4 {[%emt 0:00:01]} 31. Rf1+ {[%emt 0:00:01]} Ke3 {[%emt 0:00:02]} 32. Re1+ {[%emt 0:00:02]} Kf3 {[%emt 0:00:03]} 33. Re5 {[%emt 0:00:01]} Rh8 {[%emt 0:00:05]} 34. R1xe4 {[%emt 0:00:02]} Kf2 {[%emt 0:00:03]} 35. Re3 {[%emt 0:00:01]} Kf1 {[%emt 0:00:01]} 36. Re7 {[%emt 0:00:04]} b5 {[%emt 0:00:02]} 37. Kc2 {[%emt 0:00:02]} Rg8 {[%emt 0:00:02]} 38. Kb3 {[%emt 0:00:03]} a5 {[%emt 0:00:01]} 39. Rf3+ {[%emt 0:00:01]} Kg2 {[%emt 0:00:02]} 40. Rf4 {[%emt 0:00:03]} Kxh3 {[%emt 0:00:04]} 41. Re3+ {[%emt 0:00:02]} Kg2 {[%emt 0:00:02]} 42. Rd4 {[%emt 0:00:01]} a4+ {[%emt 0:00:06]} 43. Ka3 {[%emt 0:00:04]} Rf8 {[%emt 0:00:01]} 44. Rd2+ {[%emt 0:00:02]} Kf1 {[%emt 0:00:01]} 45. Re5 {[%emt 0:00:01]} Rb8 {[%emt 0:00:04]} 46. Rd6 {[%emt 0:00:01]} Rf8 {[%emt 0:00:04]} 47. Rxb5 {[%emt 0:00:02]} Rf2 {[%emt 0:00:02]} 48. Kxa4 {[%emt 0:00:03]} Ke1 {[%emt 0:00:01]} 49. Re5+ {[%emt 0:00:01]} Kf1 {[%emt 0:00:01]} 50. Ka3 {[%emt 0:00:01]} Rf4 {[%emt 0:00:02]} 51. b3 {[%emt 0:00:02]} Kf2 {[%emt 0:00:02]} 52. c4 {[%emt 0:00:01]} Rf8 {[%emt 0:00:01]} 53. Rdd5 {[%emt 0:00:01]} Ra8+ {[%emt 0:00:02]} 54. Kb2 {[%emt 0:00:01]} Kf3 {[%emt 0:00:01]} 55. a4 {[%emt 0:00:01]} Rh8 {[%emt 0:00:02]} 56. a5 {[%emt 0:00:01]} Rh2+ {[%emt 0:00:03]} 57. Ka3 {[%emt 0:00:01]} Rh1 {[%emt 0:00:01]} 58. b4 {[%emt 0:00:01]} Ra1+ {[%emt 0:00:01]} 59. Kb3 {[%emt 0:00:01]} Kf4 {[%emt 0:00:01]} 60. Re2 {[%emt 0:00:02]} Rb1+ {[%emt 0:00:02]} 61. Ka4 {[%emt 0:00:01]} Kf3 {[%emt 0:00:02]} 62. Re8 {[%emt 0:00:02]} Ra1+ {[%emt 0:00:03]} 63. Kb5 {[%emt 0:00:01]} Kg4 {[%emt 0:00:01]} 64. Rd7 {[%emt 0:00:01]} Kf5 {[%emt 0:00:05]} 65. Rf7+ {[%emt 0:00:01]} Kg6 {[%emt 0:00:01]} 66. Rf2 {[%emt 0:00:01]} Rg1 {[%emt 0:00:03]} 67. Rg8+ {[%emt 0:00:01]} Kh5 {[%emt 0:00:01]} 68. Rxg1 {[%emt 0:00:01]} Kh4 {[%emt 0:00:01]} 69. Rh2# {[%emt 0:00:01] (Lag: Av=0.50s, max=0.9s) (Lag: Av=0.50s, max=0.9s) (Lag: Av=0.50s, max=0.9s)} 1-0

[Event "390 Stay Safe Play From Home series"]
[Site "Emanuel Lasker Arena"]
[Date "2020.08.17"]
[Round "3"]
[White "Dukic"]
[Black "Padmaesh M K"]
[Result "1-0"]
[WhiteElo "1714"]
[BlackElo "1819"]
[Annotator "NA"]
[PlyCount "71"]
[EventDate "2020.08.17"]
[EventType "swiss (blitz)"]

1. c4 {[%emt 0:00:03]} e5 {[%emt 0:00:02]} 2. Nc3 {[%emt 0:00:00]} c5 {[%emt 0:00:02]} 3. Nf3 {[%emt 0:00:01]} d6 {[%emt 0:00:01]} 4. e3 {[%emt 0:00:01]} f5 {[%emt 0:00:01]} 5. d4 {[%emt 0:00:01]} Nd7 {[%emt 0:00:05]} 6. dxe5 {[%emt 0:00:03]} Nxe5 {[%emt 0:00:02]} 7. Nd2 {[%emt 0:00:05]} Nf6 {[%emt 0:00:01]} 8. Be2 {[%emt 0:00:01]} Be6 {[%emt 0:00:02]} 9. O-O {[%emt 0:00:02]} Be7 {[%emt 0:00:02]} 10. f4 {[%emt 0:00:15]} Neg4 {[%emt 0:00:10]} 11. Nf3 {[%emt 0:00:02]} O-O {[%emt 0:00:02]} 12. Ng5 {[%emt 0:00:02]} Bf7 {[%emt 0:00:05]} 13. Qc2 {[%emt 0:00:07]} Bh5 {[%emt 0:00:20]} 14. h3 {[%emt 0:00:12]} Nh6 {[%emt 0:00:03]} 15. Ne6 {[%emt 0:00:04]} Qd7 {[%emt 0:00:04]} 16. Nxf8 {[%emt 0:00:02]} Rxf8 {[%emt 0:00:02]} 17. Bxh5 {[%emt 0:00:04]} Nxh5 {[%emt 0:00:01]} 18. Nd5 {[%emt 0:00:01]} Bh4 {[%emt 0:00:02]} 19. Rd1 {[%emt 0:00:04]} Re8 {[%emt 0:00:02]} 20. Qd3 {[%emt 0:00:03]} Nf7 {[%emt 0:00:13]} 21. b3 {[%emt 0:00:09]} Qe6 {[%emt 0:00:07]} 22. Bb2 {[%emt 0:00:02]} Qg6 {[%emt 0:00:08]} 23. g4 {[%emt 0:00:09]} Ng3 {[%emt 0:00:05]} 24. Kh2 {[%emt 0:00:05]} Ne4 {[%emt 0:00:03]} 25. Rg1 {[%emt 0:00:05]} Nf2 {[%emt 0:00:28]} 26. Qc2 {[%emt 0:00:03]} fxg4 {[%emt 0:00:32]} 27. Qxg6 {[%emt 0:00:05]} hxg6 {[%emt 0:00:01]} 28. hxg4 {[%emt 0:00:03]} g5 {[%emt 0:00:04]} 29. Rg2 {[%emt 0:00:06]} Nd3 {[%emt 0:00:02]} 30. Bc3 {[%emt 0:00:02]} gxf4 {[%emt 0:00:01]} 31. exf4 {[%emt 0:00:01]} Re4 {[%emt 0:00:02]} 32. Rf1 {[%emt 0:00:04]} g5 {[%emt 0:00:01]} 33. Nf6+ {[%emt 0:00:06]} Kf8 {[%emt 0:00:02]} 34. Nxe4 {[%emt 0:00:00]} gxf4 {[%emt 0:00:01]} 35. Rf3 {[%emt 0:00:03]} Nde5 {[%emt 0:00:02]} 36. Rxf4 {[%emt 0:00:01] Time Time Time (Lag: Av=0.39s, max=0.7s) (Lag: Av=0.39s, max=0.7s) (Lag: Av=0.39s, max=0.7s)} 1-0

[Event "390 Stay Safe Play From Home series"]
[Site "Emanuel Lasker Arena"]
[Date "2020.08.17"]
[Round "3"]
[White "navab6214"]
[Black "W Nelles"]
[Result "0-1"]
[WhiteElo "1362"]
[BlackElo "1381"]
[Annotator "NA"]
[PlyCount "128"]
[EventDate "2020.08.17"]
[EventType "swiss (blitz)"]

1. d4 {[%emt 0:00:02]} d5 {[%emt 0:00:02]} 2. c4 {[%emt 0:00:02]} dxc4 {[%emt 0:00:02]} 3. e3 {[%emt 0:00:01]} c6 {[%emt 0:00:01]} 4. Bxc4 {[%emt 0:00:02]} b5 {[%emt 0:00:01]} 5. Bd3 {[%emt 0:00:02]} Be6 {[%emt 0:00:01]} 6. Nc3 {[%emt 0:00:01]} Nd7 {[%emt 0:00:01]} 7. Nf3 {[%emt 0:00:02]} g6 {[%emt 0:00:01]} 8. O-O {[%emt 0:00:01]} Bg7 {[%emt 0:00:01]} 9. b3 {[%emt 0:00:02]} Ngf6 {[%emt 0:00:01]} 10. Bb2 {[%emt 0:00:01]} O-O {[%emt 0:00:01]} 11. Ne4 {[%emt 0:00:01]} Bd5 {[%emt 0:00:03]} 12. Nxf6+ {[%emt 0:00:02]} Nxf6 {[%emt 0:00:02]} 13. Rc1 {[%emt 0:00:07]} Ne4 {[%emt 0:00:01]} 14. Nd2 {[%emt 0:00:17]} f5 {[%emt 0:00:07]} 15. f3 {[%emt 0:00:03]} Ng5 {[%emt 0:00:08]} 16. h4 {[%emt 0:00:05]} Ne6 {[%emt 0:00:03]} 17. e4 {[%emt 0:00:02]} Bxd4+ {[%emt 0:00:06]} 18. Bxd4 {[%emt 0:00:06]} Nxd4 {[%emt 0:00:03]} 19. exd5 {[%emt 0:00:01]} cxd5 {[%emt 0:00:09]} 20. Nb1 {[%emt 0:00:12]} f4 {[%emt 0:00:04]} 21. Bxg6 {[%emt 0:00:06]} hxg6 {[%emt 0:00:02]} 22. Qxd4 {[%emt 0:00:01]} Qb6 {[%emt 0:00:01]} 23. Qxb6 {[%emt 0:00:03]} axb6 {[%emt 0:00:01]} 24. Rc6 {[%emt 0:00:04]} Rxa2 {[%emt 0:00:01]} 25. Rxb6 {[%emt 0:00:05]} Rf6 {[%emt 0:00:01]} 26. Rxb5 {[%emt 0:00:04]} Rb2 {[%emt 0:00:09]} 27. Rxd5 {[%emt 0:00:03]} Rxb3 {[%emt 0:00:02]} 28. Nd2 {[%emt 0:00:03]} Rb2 {[%emt 0:00:02]} 29. Ne4 {[%emt 0:00:01]} Ra6 {[%emt 0:00:02]} 30. h5 {[%emt 0:00:03]} gxh5 {[%emt 0:00:03]} 31. Rxh5 {[%emt 0:00:02]} Raa2 {[%emt 0:00:02]} 32. Rg5+ {[%emt 0:00:03]} Kf8 {[%emt 0:00:01]} 33. Nc3 {[%emt 0:00:05]} Ra3 {[%emt 0:00:02]} 34. Nd5 {[%emt 0:00:01]} e6 {[%emt 0:00:03]} 35. Nxf4 {[%emt 0:00:02]} Kf7 {[%emt 0:00:07]} 36. Re5 {[%emt 0:00:04]} Raa2 {[%emt 0:00:05]} 37. Rxe6 {[%emt 0:00:04]} Kf8 {[%emt 0:00:05]} 38. Rfe1 {[%emt 0:00:06]} Kf7 {[%emt 0:00:02]} 39. R1e2 {[%emt 0:00:02]} Rb1+ {[%emt 0:00:07]} 40. Kf2 {[%emt 0:00:03]} Raa1 {[%emt 0:00:04]} 41. Nh3 {[%emt 0:00:06]} Rf1+ {[%emt 0:00:02]} 42. Kg3 {[%emt 0:00:02]} Rh1 {[%emt 0:00:05]} 43. Ng5+ {[%emt 0:00:02]} Kg7 {[%emt 0:00:04]} 44. Re7+ {[%emt 0:00:03]} Kf6 {[%emt 0:00:02]} 45. Ne4+ {[%emt 0:00:04]} Kxe7 {[%emt 0:00:02]} 46. Nf2+ {[%emt 0:00:01]} Kf7 {[%emt 0:00:02]} 47. Nxh1 {[%emt 0:00:00]} Rxh1 {[%emt 0:00:02]} 48. Kf2 {[%emt 0:00:01]} Ra1 {[%emt 0:00:02]} 49. g4 {[%emt 0:00:01]} Kf6 {[%emt 0:00:01]} 50. Re4 {[%emt 0:00:02]} Ra2+ {[%emt 0:00:02]} 51. Kg3 {[%emt 0:00:01]} Rb2 {[%emt 0:00:01]} 52. f4 {[%emt 0:00:01]} Rb3+ {[%emt 0:00:01]} 53. Kf2 {[%emt 0:00:02]} Rb2+ {[%emt 0:00:01]} 54. Kf3 {[%emt 0:00:01]} Rb3+ {[%emt 0:00:01]} 55. Re3 {[%emt 0:00:01]} Rb5 {[%emt 0:00:02]} 56. g5+ {[%emt 0:00:01]} Kf5 {[%emt 0:00:01]} 57. Re8 {[%emt 0:00:07]} Rb3+ {[%emt 0:00:02]} 58. Ke2 {[%emt 0:00:02]} Kxf4 {[%emt 0:00:01]} 59. g6 {[%emt 0:00:01]} Rg3 {[%emt 0:00:03]} 60. Rf8+ {[%emt 0:00:02]} Ke5 {[%emt 0:00:02]} 61. Re8+ {[%emt 0:00:02]} Kf6 {[%emt 0:00:01]} 62. Rf8+ {[%emt 0:00:02]} Ke7 {[%emt 0:00:01]} 63. Rg8 {[%emt 0:00:02]} Kf6 {[%emt 0:00:03]} 64. Rf8+ {[%emt 0:00:01]} Kg7 {[%emt 0:00:01] Time Time Time (Lag: Av=2.98s, max=38.1s) (Lag: Av=2.98s, max=38.1s) (Lag: Av=2.98s, max=38.1s)} 0-1

[Event "390 Stay Safe Play From Home series"]
[Site "Emanuel Lasker Arena"]
[Date "2020.08.17"]
[Round "4"]
[White "MihailoVujic"]
[Black "Dukic"]
[Result "1-0"]
[WhiteElo "2155"]
[BlackElo "1736"]
[PlyCount "57"]
[EventDate "2020.08.17"]
[EventType "swiss (blitz)"]

1. e4 {[%emt 0:00:01]} c6 {[%emt 0:00:02]} 2. d4 {[%emt 0:00:01]} d6 {[%emt 0:00:00]} 3. Nc3 {[%emt 0:00:02]} Nf6 {[%emt 0:00:01]} 4. Bg5 {[%emt 0:00:01]} Nbd7 {[%emt 0:00:01]} 5. Nf3 {[%emt 0:00:02]} e5 {[%emt 0:00:01]} 6. Qd2 {[%emt 0:00:11]} Be7 {[%emt 0:00:01]} 7. O-O-O {[%emt 0:00:02]} O-O {[%emt 0:00:02]} 8. g4 {[%emt 0:00:18]} b5 {[%emt 0:00:15]} 9. Bxf6 {[%emt 0:00:02]} Bxf6 {[%emt 0:00:15]} 10. g5 {[%emt 0:00:00]} Be7 {[%emt 0:00:02]} 11. h4 {[%emt 0:00:23]} b4 {[%emt 0:00:01]} 12. Ne2 {[%emt 0:00:02]} Qa5 {[%emt 0:00:02]} 13. Kb1 {[%emt 0:00:04]} Nb6 {[%emt 0:00:07]} 14. Nc1 {[%emt 0:00:03]} Bg4 {[%emt 0:00:18]} 15. Be2 {[%emt 0:00:18]} Na4 {[%emt 0:00:22]} 16. Nb3 {[%emt 0:00:06]} Qb6 {[%emt 0:00:04]} 17. dxe5 {[%emt 0:00:05]} Rfd8 {[%emt 0:00:12]} 18. Nfd4 {[%emt 0:00:08]} Bc8 {[%emt 0:00:31]} 19. exd6 {[%emt 0:00:06]} Rxd6 {[%emt 0:00:02]} 20. Qe3 {[%emt 0:00:09]} c5 {[%emt 0:00:03]} 21. Nf5 {[%emt 0:00:01]} Rxd1+ {[%emt 0:00:19]} 22. Rxd1 {[%emt 0:00:02]} Bf8 {[%emt 0:00:08]} 23. Bc4 {[%emt 0:00:04]} Be6 {[%emt 0:00:03]} 24. Bxe6 {[%emt 0:00:18]} fxe6 {[%emt 0:00:02]} 25. Ng3 {[%emt 0:00:01]} c4 {[%emt 0:00:04]} 26. Qxb6 {[%emt 0:00:01]} axb6 {[%emt 0:00:01]} 27. Nd4 {[%emt 0:00:01]} e5 {[%emt 0:00:01]} 28. Ne6 {[%emt 0:00:02]} Bc5 {[%emt 0:00:01]} 29. Nxc5 {[%emt 0:00:01] Zeit Zeit Zeit (Lag: Av=0.60s, max=1.1s) (Lag: Av=0.60s, max=1.1s) (Lag: Av=0.60s, max=1.1s)} 1-0

[Event "390 Stay Safe Play From Home series"]
[Site "Emanuel Lasker Arena"]
[Date "2020.08.17"]
[Round "4"]
[White "Ionelluca"]
[Black "Haris kollari 13"]
[Result "1-0"]
[WhiteElo "2009"]
[BlackElo "1890"]
[Annotator "NA"]
[PlyCount "65"]
[EventDate "2020.08.17"]
[EventType "swiss (blitz)"]

1. e4 {[%emt 0:00:03]} e6 {[%emt 0:00:01]} 2. d3 {[%emt 0:00:01]} d5 {[%emt 0:00:01]} 3. Nc3 {[%emt 0:00:01]} c5 {[%emt 0:00:01]} 4. f3 {[%emt 0:00:02]} d4 {[%emt 0:00:01]} 5. Nce2 {[%emt 0:00:01]} Nc6 {[%emt 0:00:02]} 6. Nh3 {[%emt 0:00:01]} e5 {[%emt 0:00:01]} 7. Nf2 {[%emt 0:00:01]} f6 {[%emt 0:00:01]} 8. Bd2 {[%emt 0:00:01]} Be6 {[%emt 0:00:01]} 9. Nc1 {[%emt 0:00:01]} Bd6 {[%emt 0:00:01]} 10. Nb3 {[%emt 0:00:02]} Nge7 {[%emt 0:00:01]} 11. Ng4 {[%emt 0:00:03]} b5 {[%emt 0:00:10]} 12. Be2 {[%emt 0:00:05]} a5 {[%emt 0:00:02]} 13. a4 {[%emt 0:00:04]} b4 {[%emt 0:00:05]} 14. O-O {[%emt 0:00:04]} O-O {[%emt 0:00:01]} 15. Qe1 {[%emt 0:00:03]} f5 {[%emt 0:00:01]} 16. exf5 {[%emt 0:00:04]} Bxf5 {[%emt 0:00:03]} 17. Qh4 {[%emt 0:00:04]} Ng6 {[%emt 0:00:08]} 18. Qxd8 {[%emt 0:00:13]} Raxd8 {[%emt 0:00:02]} 19. g3 {[%emt 0:00:02]} Bxg4 {[%emt 0:00:01]} 20. fxg4 {[%emt 0:00:01]} c4 {[%emt 0:00:13]} 21. dxc4 {[%emt 0:00:12]} e4 {[%emt 0:00:01]} 22. c5 {[%emt 0:00:01]} Bc7 {[%emt 0:00:03]} 23. Bg5 {[%emt 0:00:01]} Rxf1+ {[%emt 0:00:10]} 24. Rxf1 {[%emt 0:00:06]} Rd5 {[%emt 0:00:01]} 25. Bc4 {[%emt 0:00:01]} Nce7 {[%emt 0:00:04]} 26. Nxd4 {[%emt 0:00:06]} h6 {[%emt 0:00:01]} 27. Bxe7 {[%emt 0:00:02]} Nxe7 {[%emt 0:00:00]} 28. Nf5 {[%emt 0:00:06]} Kh7 {[%emt 0:00:05]} 29. Nxe7 {[%emt 0:00:03]} Rd2 {[%emt 0:00:01]} 30. Bg8+ {[%emt 0:00:01]} Kh8 {[%emt 0:00:01]} 31. Rf8 {[%emt 0:00:03]} Be5 {[%emt 0:00:08]} 32. Bf7+ {[%emt 0:00:02]} Kh7 {[%emt 0:00:01]} 33. Bg6# {[%emt 0:00:01] (Lag: Av=0.54s, max=1.1s) (Lag: Av=0.54s, max=1.1s) (Lag: Av=0.54s, max=1.1s)} 1-0

[Event "390 Stay Safe Play From Home series"]
[Site "Emanuel Lasker Arena"]
[Date "2020.08.17"]
[Round "4"]
[White "W Nelles"]
[Black "Greblha"]
[Result "0-1"]
[WhiteElo "1397"]
[BlackElo "1915"]
[PlyCount "88"]
[EventDate "2020.08.17"]
[EventType "swiss (blitz)"]

1. e4 {[%emt 0:00:02]} c6 {[%emt 0:00:00]} 2. d4 {[%emt 0:00:02]} d5 {[%emt 0:00:00]} 3. Nc3 {[%emt 0:00:02]} dxe4 {[%emt 0:00:01]} 4. Nxe4 {[%emt 0:00:01]} Nf6 {[%emt 0:00:00]} 5. Nxf6+ {[%emt 0:00:01]} gxf6 {[%emt 0:00:00]} 6. c3 {[%emt 0:00:02]} Bf5 {[%emt 0:00:01]} 7. Bc4 {[%emt 0:00:02]} Nd7 {[%emt 0:00:01]} 8. Nf3 {[%emt 0:00:01]} e6 {[%emt 0:00:00]} 9. O-O {[%emt 0:00:01]} Bd6 {[%emt 0:00:01]} 10. Nh4 {[%emt 0:00:03]} Bg6 {[%emt 0:00:01]} 11. Nxg6 {[%emt 0:00:02]} hxg6 {[%emt 0:00:01]} 12. Qf3 {[%emt 0:00:02]} Bxh2+ {[%emt 0:00:01]} 13. Kh1 {[%emt 0:00:09]} Bb8+ {[%emt 0:00:02]} 14. Kg1 {[%emt 0:00:01]} Qc7 {[%emt 0:00:01]} 15. Qg3 {[%emt 0:00:05]} Qxg3 {[%emt 0:00:03]} 16. fxg3 {[%emt 0:00:01]} Bxg3 {[%emt 0:00:01]} 17. Bf4 {[%emt 0:00:01]} Bxf4 {[%emt 0:00:02]} 18. Rxf4 {[%emt 0:00:02]} O-O-O {[%emt 0:00:02]} 19. Kf2 {[%emt 0:00:04]} Rh5 {[%emt 0:00:01]} 20. Rf1 {[%emt 0:00:06]} Rdh8 {[%emt 0:00:02]} 21. b4 {[%emt 0:00:03]} f5 {[%emt 0:00:01]} 22. a4 {[%emt 0:00:05]} Nf6 {[%emt 0:00:01]} 23. Be2 {[%emt 0:00:05]} Ne4+ {[%emt 0:00:05]} 24. Rxe4 {[%emt 0:00:02]} fxe4 {[%emt 0:00:01]} 25. Bxh5 {[%emt 0:00:01]} Rxh5 {[%emt 0:00:01]} 26. Ke3 {[%emt 0:00:03]} f5 {[%emt 0:00:01]} 27. g3 {[%emt 0:00:02]} Kd7 {[%emt 0:00:02]} 28. c4 {[%emt 0:00:02]} g5 {[%emt 0:00:02]} 29. c5 {[%emt 0:00:05]} Rh3 {[%emt 0:00:01]} 30. Rg1 {[%emt 0:00:03]} Ke7 {[%emt 0:00:05]} 31. b5 {[%emt 0:00:03]} Kf6 {[%emt 0:00:02]} 32. bxc6 {[%emt 0:00:07]} bxc6 {[%emt 0:00:01]} 33. a5 {[%emt 0:00:02]} e5 {[%emt 0:00:01]} 34. d5 {[%emt 0:00:05]} cxd5 {[%emt 0:00:03]} 35. c6 {[%emt 0:00:01]} f4+ {[%emt 0:00:01]} 36. Kf2 {[%emt 0:00:03]} fxg3+ {[%emt 0:00:06]} 37. Rxg3 {[%emt 0:00:04]} Rxg3 {[%emt 0:00:01]} 38. Kxg3 {[%emt 0:00:01]} Ke6 {[%emt 0:00:02]} 39. c7 {[%emt 0:00:04]} Kd7 {[%emt 0:00:01]} 40. Kg4 {[%emt 0:00:01]} Kxc7 {[%emt 0:00:01]} 41. Kxg5 {[%emt 0:00:01]} e3 {[%emt 0:00:01]} 42. Kf5 {[%emt 0:00:01]} e2 {[%emt 0:00:01]} 43. Kxe5 {[%emt 0:00:01]} Kc6 {[%emt 0:00:01]} 44. Kf4 {[%emt 0:00:01]} e1=Q {[%emt 0:00:01] W Nelles gibt auf W Nelles gibt auf W Nelles gibt auf (Lag: Av=0.54s, max=1.3s) (Lag: Av=0.54s, max=1.3s) (Lag: Av=0.54s, max=1.3s)} 0-1

[Event "390 Stay Safe Play From Home series"]
[Site "Emanuel Lasker Arena"]
[Date "2020.08.17"]
[Round "5"]
[White "Mepe_Nika"]
[Black "Ionelluca"]
[Result "1-0"]
[WhiteElo "2295"]
[BlackElo "2020"]
[Annotator "TA"]
[PlyCount "77"]
[EventDate "2020.08.17"]
[EventType "swiss (blitz)"]

{[%evp 9,77,2,25,26,36,29,35,25,25,23,68,45,46,36,66,70,80,70,62,75,154,162,142,113,159,162,392,400,397,389,403,391,495,429,532,563,631,628,638,649,635,563,663,652,733,737,728,683,823,827,808,805,944,918,1019,988,941,902,2126,2318,4930,4931,4914,4922,4914,4910,4818,4291,1494,1436]} 1. d4 Nf6 2. Nf3 b6 3. Bf4 Bb7 4. e3 c5 5. c3 cxd4 6. cxd4 {A47: 1 d4 Nf6 2 Nf3 b6: Torre, London and Colle Systems.} g6 7. Nc3 Bg7 8. Be2 {White is slightly better.} O-O 9. O-O {[#]} Nd5 $146 ({Predecessor:} 9... d6 10. Rc1 Nbd7 11. Nb5 a6 12. Nc3 Rc8 13. Qb3 Nh5 14. Bg3 Nxg3 15. hxg3 Rc7 {1-0 (51) Trapp,M (2060)-Kappe,B (2027) playchess.com INT 2009}) 10. Nxd5 Bxd5 11. Be5 f6 12. Bg3 Kh8 13. Nd2 f5 14. Bf3 e6 (14... Bxf3 $142 15. Nxf3 (15. Qxf3 Nc6 $11) 15... d6) 15. Bxd5 $16 exd5 16. Nf3 Nc6 17. Qb3 Rb8 $2 {[#]} (17... g5 {was necessary.} 18. Qxd5 f4) 18. Bxb8 $18 Nxb8 19. Qxd5 Nc6 20. Rac1 Nb4 21. Qb3 {White is clearly winning.} a5 22. Ne5 Qe7 23. a3 Bxe5 24. dxe5 Nc6 25. Qxb6 Nxe5 26. Qxa5 h6 27. Qc3 Kh7 28. Qd4 Ng4 29. h3 Nf6 30. a4 {[%cal Ba3a4,Ba4a5,Ba5a6,Ba6a7][%mdl 32]} Rb8 31. a5 Rb4 32. Qc5 Qxc5 33. Rxc5 Rxb2 {[%mdl 4096] Endgame KRR-KRN} 34. Ra1 Rb7 35. a6 Ra7 36. Rb5 Kg7 37. Rb7 Ra8 38. a7 Kf7 39. Rb8 {Accuracy: White = 97%, Black = 38%.} 1-0